00442nam a2200169 a 450000100060000000300090000600800410001502000150005604000280007108200090009910000220010824500410013026000420017130000100021349000260022365000230024920244CO-ViMGA141112s2004 ck r 000 u spa d a843722182X aCO-ViMGAbspacCO-ViMGA04aKITc1 aKitamura, Satoshi10aCuando los borregos no pueden dormir aMadrid : bAltea, cAlfaguara, c1999 a24 p. aHistorias para dormir14aCUENTOS INFANTILES